01066nam a2200217 a 4500001001000000003000400010005001700014008004000031020001500071040002500086082001700111100004200128245021600170260009100386300004900477500005800526505013400584650004400718650005600762700003000818000005010OSt20200929151546.0090729s1999 dr abd 001 0 spa d a8493067903 aDO-SdBNPbspacBNPHU a362.1bG993p1 aGuzmán Marcelino, Altagraciad1946-10aPolíticas públicas en salud :breflexiones, orientaciones, directrices y ejecutorias sobre Salud Pública /cAltagracia Guzmán Marcelino ; prólogo Hugo R. Mendoza ; presentación Socorro Gross Galiano. aSanto Domingo :bSecretaría de Estado de Salud Pública y Asistencia Social,c1999. a175p. ;c23 cm.bil., gráf., mapas, retrs. aIncluye datos biográficos de la autora en la solapa2 aPolíticas en Desarrollo Institucional de la SESPAS -- Políticas públicas en los programas de salud -- Ejecutorias de salud. 4aSalud públicazRepública Dominicana 4aPlanificación de la saludzRepública Dominicana1 aMendoza, Hugo R.epról.